[Event "II Duchamp Open 2018"]
[Site "Rio de Janeiro"]
[Date "2018.11.17"]
[Round "3"]
[White "Manzi, Luiz Antonio Bardar"]
[Black "Viana, Dirceu"]
[Result "1/2-1/2"]
[WhiteElo "2047"]
[BlackElo "2201"]
[Annotator "TA"]
[PlyCount "148"]
[EventDate "2018.11.14"]
[EventType "swiss"]
[EventCountry "BRA"]
[SourceTitle "playchess.com"]
[Source "ChessBase"]
[SourceQuality "1"]

{[%evp 19,148,0,-9,-48,-60,-70,-46,-54,-43,-61,-36,-43,-37,-48,-16,-32,-20,-48,-31,-35,-33,-42,-43,-52,-42,-47,10,12,43,38,51,35,48,-39,0,0,0,0,17,-7,-29,-96,-21,-25,-18,-18,97,85,115,67,54,67,54,32,25,32,27,30,33,23,34,18,24,21,25,29,35,8,5,0,11,0,27,-16,-9,-39,0,-8,-14,-14,-8,0,0,-108,-99,-82,-55,-218,-210,-303,-188,-270,-16,-14,-17,-7,0,0,82,0,31,0,32,32,32,32,32,32,32,-4,-4,-4,-4,-4,-4,-26,-33,-44,-41,-39,-4,-4,-4,-4,-4,-8,-8,-8,-4,-4,-4]} 1. Nf3 Nf6 2. g3 c5 3. Bg2 Nc6 4. c4 d5 5. cxd5 Nxd5 6. O-O e5 7. Nc3 Nc7 8. d3 Be7 9. Be3 O-O 10. Rc1 Bd7 {LiveBook: 30 Games} 11. Ne4 {A34: Symmetrical English: 2 Nc3, lines with ...d5} (11. Na4 b6 12. b4 Nxb4 13. Nxe5 Be6 14. a3 Nbd5 15. Nc6 Qd7 16. Nxe7+ Qxe7 17. Bd2 Rad8 18. Nc3 Rfe8 19. Re1 Nxc3 20. Bxc3 {0-1 (65) Akhmetov,A (2357)-Jumabayev,R (2599) Almaty 2015}) 11... b6 12. Bd2 f6 $146 ({Predecessor:} 12... Rc8 13. Bc3 f6 14. Re1 Be6 15. b3 Qd7 16. Bb2 Rfd8 17. Qc2 Nd5 18. Qb1 Bf8 {0-1 (41) Ferenc,J (2280)-Janocha,W (2375) Koszalin 1997}) 13. a3 {Black is slightly better.} Kh8 14. Qc2 Ne6 15. e3 Rc8 16. Qb1 a5 17. Bc3 Be8 {[%cal Bd7e8,Be8f7,Bf7b3][%mdl 32]} 18. h3 Qd7 19. Rfd1 Bf7 20. g4 Rfd8 21. Nh4 Bf8 22. Nf5 Nc7 (22... a4 $15) 23. d4 $1 $11 {[%cal Rd4e5]} Bb3 24. Rd2 exd4 25. exd4 c4 26. Neg3 (26. d5 $1 $14 Ne5 27. Bd4) 26... Nd5 27. Bxd5 Qxd5 28. Ne3 $36 {[%mdl 2048] White has some pressure.} Qf3 (28... Qd6 {feels hotter.} 29. Nef5 Qd5) 29. Qf5 Qxf5 30. Ngxf5 (30. gxf5 $11 {remains equal.} Na7 31. Ne2) 30... Na7 ({Black should try} 30... b5 $1 $17 {[%cal Rb5b4] White must now prevent ...b4.} 31. d5 Ne5 32. Bxa5 Nf3+ {[%mdl 64] Double Attack} 33. Kf1 Nxd2+ 34. Bxd2 c3 35. Rxc3 Rxc3 36. Bxc3 Bxd5) 31. d5 Nb5 32. Nd4 Nxc3 (32... Nxd4 $11 33. Bxd4 Rb8) 33. Rxc3 $16 Ba2 34. Ne6 Re8 35. Nxf8 Rxf8 36. a4 Rfd8 37. Rd4 {[%cal Re3c4]} Kg8 38. Kg2 Kf7 39. Kf3 g6 40. Kf4 h6 41. Kg3 Rc5 42. f4 b5 43. axb5 Rxb5 44. Rd2 Ke7 45. h4 (45. f5 {is interesting.} g5 46. Kf3 a4 47. Ke4 Rdb8 48. Nxc4 Kd7 49. Kd4) 45... Rb3 46. Rxb3 Bxb3 $11 {[%mdl 4096] Endgame KRB-KRN} 47. Rd4 Kd6 (47... c3 $5 48. bxc3 Rc8 $11) 48. Re4 Kc5 49. Re6 Rd6 {Strongly threatening ...c3!} 50. Re8 a4 51. Rc8+ (51. h5 $11 gxh5 52. Rc8+ (52. gxh5 Rd7 $11) 52... Kb4 53. gxh5) 51... Kd4 $17 52. Kf3 {Black should prevent h5.} Rd7 53. Rc6 $2 {[#]} (53. Kf2 $15) 53... Re7 $1 $19 {[%cal Re7e3]} 54. Ng2 (54. Re6 {only move.} Rxe6 55. dxe6) 54... Kxd5 55. Rxf6 (55. Rc8 $142) 55... Re6 $2 ({Black should play} 55... Bd1+ $19 56. Kf2 Re2+ 57. Kg3 Kc5) 56. Ne3+ $11 Kd6 $1 57. Rf8 $1 Ke7 58. Ra8 Rd6 {[#]} (58... Kd7 $11 {keeps the balance.}) 59. f5 (59. h5 $1 $16) 59... Kf6 60. Rf8+ Kg7 61. Rc8 Rb6 62. Rc7+ Kf8 63. fxg6 Rxg6 64. Nxc4 Bd1+ 65. Kf2 Rxg4 66. Ne3 Rf4+ 67. Ke1 Bb3 68. Ng2 Rg4 69. Kf2 Rc4 (69... Bd5 {keeps more tension.} 70. Ne3 Rf4+ 71. Ke1 Bf7 72. Rc8+ Ke7) 70. Rxc4 {The position is equal.} Bxc4 71. Ne3 Be6 72. Nd1 Ke7 73. Ke3 Kf6 74. Kf4 Bd7 {Accuracy: White = 40%, Black = 35%.} 1/2-1/2

[Event "II Duchamp Open 2018"]
[Site "Rio de Janeiro"]
[Date "2018.11.16"]
[Round "3"]
[White "Okamura, Milton Kasuo"]
[Black "Guimaraes, Diogo Duarte"]
[Result "0-1"]
[WhiteElo "2038"]
[BlackElo "2272"]
[Annotator "TA"]
[PlyCount "74"]
[EventDate "2018.11.14"]
[EventType "swiss"]
[EventCountry "BRA"]
[SourceTitle "playchess.com"]
[Source "ChessBase"]
[SourceQuality "1"]

{[%evp 9,74,22,27,27,26,26,24,14,18,12,37,0,17,0,10,-9,-8,-26,28,28,28,23,23,18,25,20,28,9,57,0,0,0,19,-29,0,0,0,-6,-8,-38,7,0,30,20,27,18,0,0,0,0,0,0,0,0,0,-616,-607,-570,-598,-1117,-857,-1097,-1100,-1128,-1085,-29988,-29989]} 1. d4 d5 2. c4 c6 3. Nf3 Nf6 4. Nc3 a6 5. e3 Bf5 6. Be2 {D15: Slav Defence: 4 Nc3 a6 and gambit lines after 4 Nc3 dxc4} (6. Bd3 Bxd3 7. Qxd3 e6 8. O-O Bb4 9. Bd2 O-O 10. Nxd5 Nxd5 11. cxd5 Bxd2 12. Qxd2 exd5 13. Ne5 Re8 {½-½ (46) Vallejo Pons,F (2707)-So,W (2780) Leon 2018}) 6... h6 7. O-O e6 8. c5 {White has an edge.} Nbd7 9. b4 Be7 10. Bb2 O-O 11. a3 Qc7 12. Nh4 $146 ({Predecessor:} 12. Na4 Ne4 13. Ne5 Nef6 14. f4 Nxe5 15. dxe5 {½-½ (39) Eperjesi,L (2206)-Melkonian,V (2230) Budapest 2012}) 12... Bh7 13. f4 g5 (13... b6 $142) 14. Nf3 $11 Ne4 15. Ne5 Nxc3 16. Bxc3 Nf6 17. Be1 Ne4 18. Bh5 Kg7 19. h4 ({White should try} 19. fxg5 $14 Bxg5 20. Qe2) 19... f6 20. Nd3 Kh8 21. Bf3 Rg8 (21... gxh4 {feels hotter.} 22. Bxh4 Rg8 23. Nf2 Rg7 24. Nxe4 dxe4 25. Bh5 Rag8) 22. hxg5 hxg5 23. Bxe4 dxe4 24. Nb2 gxf4 25. Rxf4 Rg7 26. Nc4 Rag8 27. Ra2 Qd8 28. Qh5 Rg5 29. Qh3 Qd5 $36 {[%mdl 2048] Black has good play.} 30. Rh4 {[%csl Gh3][%cal Rh4h7]} R8g7 31. Rc2 Kg8 32. Nb6 $2 {[%mdl 8192] [#]} (32. Rh6 $11) 32... Qb3 $1 $19 {[%csl LRa3,LRc2][%cal Rb3c2]} 33. Re2 {intending Nc8.} Bf5 34. Rh8+ Kf7 35. Qh2 Qd1 36. Kf1 Bg4 37. Rd2 Rf5+ {Accuracy: White = 47%, Black = 56%.} 0-1

[Event "II Duchamp Open 2018"]
[Site "Rio de Janeiro"]
[Date "2018.11.16"]
[Round "3"]
[White "Fucs, Paulo Moses"]
[Black "Teixeira, Ricardo Da Silva"]
[Result "1/2-1/2"]
[WhiteElo "2016"]
[BlackElo "2239"]
[Annotator "TA"]
[PlyCount "58"]
[EventDate "2018.11.14"]
[EventType "swiss"]
[EventCountry "BRA"]
[SourceTitle "playchess.com"]
[Source "ChessBase"]
[SourceQuality "1"]

{[%evp 11,58,35,42,20,73,17,50,15,17,17,23,25,25,5,18,0,0,-6,2,13,15,10,17,20,21,16,21,14,18,13,18,9,15,0,20,0,27,27,29,29,56,49,79,52,50,53,53,32,39]} 1. c4 e6 2. Nf3 f5 3. g3 Nf6 4. Bg2 Be7 5. Nc3 O-O 6. O-O d6 {LiveBook: 125 Games} 7. b3 {A10: English Opening: Unusual Replies for Black} (7. d4 Ne4 8. Qc2 Nxc3 9. Qxc3 a5 10. Re1 Nc6 11. b3 e5 12. Bb2 e4 13. Nd2 d5 14. cxd5 Nb4 15. Nc4 Nxd5 16. Qc2 Be6 17. a3 {1-0 (66) Melkumyan,H (2633)-Williams,S (2443) London 2016}) 7... Ne4 (7... e5 $11 {keeps the balance.}) 8. Bb2 (8. Nxe4 $16 {aiming for Nc3.} fxe4 9. Ne1) 8... Bf6 9. Qc2 Nxc3 10. Bxc3 Bxc3 $146 ({Predecessor:} 10... Qe8 11. Nd4 Nc6 12. Nxc6 Bxc3 13. Qxc3 bxc6 14. c5 d5 {½-½ (41) Turner,R (2117)-Lacha,J (1979) Tabor 2008}) 11. Qxc3 e5 12. c5 Nc6 13. cxd6 cxd6 14. b4 {[%cal Bb3b4,Bb4b5][%mdl 32]} Be6 15. b5 Na5 16. Ng5 Qxg5 17. Qxa5 Qe7 18. Rac1 {[#] Hoping for Rc7.} Rf7 19. Rc3 b6 20. Qb4 d5 21. Qxe7 Rxe7 22. Rfc1 Kf8 23. e3 Rd8 24. d4 e4 25. Bf1 g5 26. Be2 Rdd7 27. Rc8+ Re8 {White is slightly better.} 28. R8c6 Ke7 29. Bd1 Red8 {Accuracy: White = 43%, Black = 55%.} 1/2-1/2

[Event "II Duchamp Open 2018"]
[Site "Rio de Janeiro"]
[Date "2018.11.16"]
[Round "3"]
[White "Peixoto, Rudson Marinho"]
[Black "Campos, Alexandre Ferreira"]
[Result "0-1"]
[WhiteElo "2007"]
[BlackElo "2076"]
[Annotator "NA RC"]
[PlyCount "120"]
[EventDate "2018.11.14"]
[EventType "swiss"]
[EventCountry "BRA"]
[SourceTitle "playchess.com"]
[Source "ChessBase"]
[SourceQuality "1"]
[TimeControl "5400+30"]

{[%evp 8,111,50,49,58,40,64,39,78,70,62,60,62,39,83,34,20,23,31,46,85,66,89,73,104,104,135,60,100,48,67,-18,-23,-36,-23,-31,-15,-28,0,-7,0,-7,-33,-20,-16,-4,0,-80,-68,-137,-112,-218,-238,-230,-220,-347,-154,-151,-130,-187,-195,-284,-286,-280,-279,-302,-307,-318,-312,-372,-326,-437,-450,-500,-457,-445,-450,-581,-619,-1041,-1545,-1316,-559,-5289,-5954,-1197,-441,-29969,-381,-344,-388,-365,-377,-379,-453,-429,-455,-503,-528,-995,-697,-681,-864,-1155,-1271,-1310]} 1. e4 {[%emt 0:00:00]} d5 {[%emt 0:00:26]} 2. exd5 {[%emt 0:00:00]} Nf6 {[%emt 0:00:04]} 3. d4 {[%emt 0:01:03]} Nxd5 {[%emt 0:00:30]} 4. c4 {[%emt 0:00:16]} Nb6 {[%emt 0:00:04]} 5. Nf3 {[%emt 0:00:46] LiveBook: 394 Games} Bg4 {[%emt 0:01:01]} 6. Be2 {[%emt 0:00:15]} e6 {[%emt 0:00:18]} 7. O-O {[%emt 0:00:28] B01: Scandinavian Defence} c5 {[%emt 0:00:19]} (7... Be7 8. Nc3 O-O 9. Be3 Nc6 10. b3 Qc8 11. h3 Bf5 12. a4 Rd8 13. a5 Nd7 14. Qc1 Nb4 15. Ra4 c5 16. dxc5 Nd3 17. Bxd3 Bxd3 18. c6 {½-½ (83) Yeritsyan,A (2332)-Saulin,D (2376) Sochi 2018}) 8. Be3 {[%emt 0:01:10]} N8d7 {[%emt 0:03:37]} 9. Nc3 {[%emt 0:01:05]} Be7 $146 {[%emt 0:00:53]} ({Predecessor:} 9... Bxf3 10. Bxf3 Nxc4 11. Bf4 Bd6 12. Bxd6 Nxd6 13. dxc5 Nf5 14. Bxb7 Rb8 {1-0 (48) Krupica,P-Joklik,P Morava 1994}) 10. d5 {[%emt 0:04:24]} O-O {[%emt 0:01:40]} 11. Qb3 {[%emt 0:04:00]} exd5 {[%emt 0:14:59]} 12. cxd5 {[%emt 0:00:58]} c4 {[%emt 0:02:19]} 13. Qc2 {[%emt 0:04:03]} g6 {[%emt 0:01:05]} 14. Rfd1 {[%emt 0:03:23]} Bf5 {[%emt 0:05:43]} 15. Qd2 {[%emt 0:00:10]} Bc5 {[%emt 0:03:54]} 16. Nd4 {[%emt 0:00:21]} Qf6 {[%emt 0:02:01]} 17. h3 {[%emt 0:02:01]} (17. Nxf5 $16 Qxf5 18. Bxc5 Nxc5 19. Qd4) 17... Rfe8 {[%emt 0:10:45]} 18. Nxf5 {[%emt 0:00:48]} Qxf5 {[%emt 0:00:15]} 19. Bg4 {[%emt 0:04:04]} (19. Bd4 $14) 19... Bxe3 $1 {[%emt 0:05:08]} 20. fxe3 {[%emt 0:00:19]} Qe5 {[%emt 0:01:19]} 21. e4 {[%emt 0:01:14]} Nc5 {[%emt 0:02:02]} 22. Bf3 {[%emt 0:01:22]} Nd3 {[%emt 0:06:54]} 23. b3 {[%emt 0:08:40]} Qg3 {[%emt 0:04:41]} 24. bxc4 {[%emt 0:01:30]} Nf4 {[%emt 0:01:13]} 25. Qe1 {[%emt 0:05:26]} Nxh3+ {[%emt 0:01:22]} 26. Kf1 {[%emt 0:00:24]} Qf4 {[%emt 0:00:44]} 27. c5 {[%emt 0:07:10]} (27. Ne2 $11 {keeps the balance.} Qf6 28. Qc3 Qxc3 29. Nxc3) 27... Nc4 {[%emt 0:00:33]} 28. Rd3 {[%emt 0:00:34]} (28. d6 $142 Ne3+ 29. Ke2 Nxd1 30. Rxd1) 28... Ne5 {[%emt 0:05:50]} 29. Qe3 {[%emt 0:07:18]} (29. Rad1 $17 {keeps fighting.} Ng5 30. d6) 29... Nxd3 {[%emt 0:00:22]} 30. Qxd3 {[%emt 0:00:10]} Ng5 {[%emt 0:01:14]} 31. Rb1 {[%emt 0:05:26]} Nxf3 {[%emt 0:01:08]} (31... Rac8 $19 {has better winning chances.} 32. Ne2 Qh2) 32. Qxf3 {[%emt 0:02:11]} Qc7 {[%emt 0:02:04]} 33. Qf2 {[%emt 0:08:12]} (33. Qf6 $17) 33... Rac8 {[%emt 0:00:46]} 34. d6 {[%emt 0:00:22]} (34. Rb5 {was worth a try.} b6 35. c6) 34... Qxc5 {[%emt 0:00:57]} 35. d7 {[%emt 0:00:40]} Qxc3 {[%emt 0:00:58]} 36. Kg1 {[%emt 0:04:41]} b6 {[%emt 0:02:06]} ({But not} 36... Rxe4 37. dxc8=N Qxc8 38. Qxa7 $19) 37. dxc8=Q {[%emt 0:04:09]} Rxc8 {[%emt 0:00:27]} 38. Qf4 {[%emt 0:00:24]} Qd4+ {[%emt 0:00:40]} 39. Kh1 {[%emt 0:00:39]} Rc5 {[%emt 0:00:13]} 40. g4 {[%emt 0:01:16]} h5 {[%emt 0:00:34]} 41. Rf1 {[%emt 0:00:56]} Qd7 {[%emt 0:01:19]} 42. Rg1 {[%emt 0:00:52]} hxg4 {[%emt 0:00:26]} 43. Rxg4 {[%emt 0:00:37]} Qd1+ {[%emt 0:02:06]} 44. Kh2 {[%emt 0:02:45]} Rh5+ {[%emt 0:06:19]} 45. Kg2 {[%emt 0:01:27]} Qh1+ {[%emt 0:01:46]} 46. Kf2 {[%emt 0:00:27]} Qh2+ {[%emt 0:01:02]} (46... Rh2+ $142 47. Qxh2 Qxh2+ 48. Rg2 Qf4+ {[%mdl 64] Double Attack} 49. Ke1 Qxe4+ 50. Re2 Qf5) 47. Ke3 $2 {[%emt 0:00:18]} (47. Qxh2 $19 Rxh2+ 48. Ke3) 47... Qxf4+ $2 {[%emt 0:00:12]} (47... Rh3+ 48. Qf3 Rxf3+ 49. Kxf3 Qxa2) 48. Rxf4 {[%emt 0:01:28]} Rh3+ {[%emt 0:00:33]} 49. Kd4 {[%emt 0:00:19]} Rh2 {[%emt 0:00:23]} 50. Kd5 {[%emt 0:01:25]} Rxa2 {[%emt 0:00:12]} 51. e5 {[%emt 0:00:22]} Kg7 {[%emt 0:00:34]} 52. Re4 {[%emt 0:01:10]} g5 {[%emt 0:01:37]} 53. e6 {[%emt 0:00:25]} (53. Rc4 $142) 53... fxe6+ {[%emt 0:00:37]} 54. Kxe6 {[%emt 0:00:11]} Kg6 {[%emt 0:00:10]} 55. Re1 {[%emt 0:01:57]} g4 $19 {[%emt 0:00:09]} 56. Re5 {[%emt 0:00:51]} Ra5 {[%emt 0:00:10]} 57. Re1 {[%emt 0:00:41]} Kg5 {[%emt 0:00:06]} 58. Rg1 {[%emt 0:00:37]} Rf5 {[%emt 0:00:13]} 59. Rh1 {[%emt 0:00:26]} a5 {[%emt 0:00:22]} 60. Rh8 {[%emt 0:00:31]} Rb5 {[%emt 0:00:22]} 0-1

[Event "II Duchamp Open 2018"]
[Site "Rio de Janeiro"]
[Date "2018.11.16"]
[Round "3"]
[White "Moccero, Eduardo"]
[Black "Lima, Darcy"]
[Result "0-1"]
[WhiteElo "1945"]
[BlackElo "2550"]
[Annotator "TA"]
[PlyCount "54"]
[EventDate "2018.11.14"]
[EventType "swiss"]
[EventCountry "BRA"]
[SourceTitle "playchess.com"]
[Source "ChessBase"]
[SourceQuality "1"]

{[%evp 15,54,35,29,0,-4,14,8,12,11,-16,10,-33,-13,-14,-17,-25,-2,-62,-58,-60,-47,-66,-58,-114,-115,-124,-125,-123,-123,-139,-143,-148,-163,-142,-129,-156,-146,-156,-164,-150,-93]} 1. d4 Nf6 2. Nf3 g6 3. c4 Bg7 4. Nc3 d6 5. Bf4 O-O 6. h3 c6 7. e3 a6 8. Be2 b5 {LiveBook: 41 Games} 9. cxb5 {E61: King's Indian: Early deviations for White, including Smyslov System} (9. O-O Nbd7 10. a3 bxc4 11. Bxc4 c5 12. Rc1 Bb7 13. d5 Nb6 14. Ba2 a5 15. e4 Nh5 16. Bg5 h6 17. Be3 Ba6 18. Re1 {1-0 (41) Korobov,A (2696)-Rasulov,V (2512) Nakhchivan 2014}) 9... axb5 10. a3 Nbd7 11. O-O {The position is equal.} Nb6 12. Qc2 $146 ({Predecessor:} 12. Rc1 Bb7 13. Ng5 h6 14. Nge4 Nfd5 15. Bg3 b4 16. axb4 Nxb4 {1-0 (58) Wilcock,P (1800)-Rogers,D (1688) Weymouth 2008}) 12... Bd7 13. Nd2 Qb8 14. Bf3 Rc8 15. Rac1 Ra7 16. Bg3 (16. e4 $11) 16... c5 $15 17. dxc5 Rxc5 18. Nb3 Rc8 19. Rfd1 (19. Qe2 $15) 19... Na4 $17 20. Qd2 Nxc3 21. Rxc3 Rxc3 22. Qxc3 {[#]} Ne4 $1 {[%mdl 512]} 23. Qc2 (23. Bxe4 Bxc3) 23... Nxg3 24. fxg3 Be5 25. g4 b4 {Black is clearly better.} 26. axb4 Ba4 {[#] White must now prevent ...Rc7.} 27. Rd3 Qxb4 {Accuracy: White = 38%, Black = 68%.} ({Black should try} 27... e6 28. Qb1 Bb5) 0-1

[Event "II Duchamp Open 2018"]
[Site "Rio de Janeiro"]
[Date "2018.11.16"]
[Round "3"]
[White "Pimentel, Rafael Favarin G."]
[Black "Souza, Wellington"]
[Result "1/2-1/2"]
[WhiteElo "1886"]
[BlackElo "2120"]
[Annotator "TA"]
[PlyCount "52"]
[EventDate "2018.11.14"]
[EventType "swiss"]
[EventCountry "BRA"]
[SourceTitle "playchess.com"]
[Source "ChessBase"]
[SourceQuality "1"]

{[%evp 17,52,9,29,-27,27,7,88,93,95,79,74,89,96,8,10,10,10,10,10,10,11,14,18,8,6,0,19,18,22,0,0,0,8,12,18,0,65]} 1. d4 Nf6 2. c4 e6 3. Nc3 Bb4 4. e3 d5 5. a3 Bxc3+ 6. bxc3 O-O 7. cxd5 exd5 8. Bd3 b6 9. Ne2 Ba6 10. Bc2 {E49: Nimzo-Indian: Rubinstein: 5 Bd3 d5 6 a3 Bxc3+ 7 bxc3} (10. O-O $142) 10... Ne4 $146 (10... c5 $142) ({Predecessor:} 10... c5 11. O-O Nc6 12. Re1 Qc7 13. Ng3 Rfe8 14. Bb2 cxd4 15. cxd4 Na5 16. f3 Nc4 17. Bc1 Rad8 {0-1 (42) Shen,Y (2445)-Koneru,H (2622) Nalchik 2008}) 11. f3 Bxe2 (11... Nd6 $11 {keeps the balance.}) 12. Qxe2 $16 {White is better.} Nd6 ({But not} 12... Nxc3 $2 13. Qd3 $18) 13. O-O f5 14. Bb3 c6 15. c4 (15. a4 $16) 15... dxc4 {The position is equal.} 16. Bxc4+ Nxc4 17. Qxc4+ Qd5 18. Qxd5+ cxd5 19. Bd2 Nc6 20. Rfc1 Rac8 21. Kf2 Kf7 22. Ra2 Ke6 23. Rac2 Kd7 24. Ke2 Rfe8 {[#] Hoping for ...Nxd4+.} 25. Kd3 g6 26. Be1 Kd6 {Accuracy: White = 43%, Black = 42%.} (26... Ne7 $11) 1/2-1/2

[Event "II Duchamp Open 2018"]
[Site "Rio de Janeiro"]
[Date "2018.11.17"]
[Round "4"]
[White "Di Berardino, Diego Rafael"]
[Black "Maia, Jose Eduardo Bastos"]
[Result "1-0"]
[WhiteElo "2526"]
[BlackElo "2093"]
[Annotator "TA"]
[PlyCount "73"]
[EventDate "2018.11.14"]
[EventType "swiss"]
[EventCountry "BRA"]
[SourceTitle "playchess.com"]
[Source "ChessBase"]
[SourceQuality "1"]

{[%evp 30,73,27,14,22,0,2,-10,0,-7,31,38,37,41,43,-23,35,39,44,49,52,54,77,67,106,100,109,98,106,101,166,108,185,193,225,208,281,274,271,268,242,231,606,604,734,684]} 1. e4 e5 2. Nf3 Nc6 3. Bb5 a6 4. Ba4 Nf6 5. O-O Be7 6. Re1 b5 7. Bb3 d6 8. c3 O-O 9. h3 Nb8 10. d4 Nbd7 11. Nbd2 Bb7 12. Bc2 Re8 13. Nf1 Bf8 14. Ng3 g6 15. a4 Bg7 16. d5 Qc8 {C95: Closed Ruy Lopez: Breyer Variation with 10 d4} (16... Qe7 17. b3 c6 18. c4 bxc4 19. bxc4 a5 20. Be3 Rec8 21. Rb1 Ba6 22. Nd2 Qf8 23. Ngf1 {½-½ (23) Korneev,O (2582)-Kveinys,A (2499) Heusenstamm 2016}) 17. b3 c6 {[%cal Rc6d5]} 18. c4 bxc4 $146 {The position is equal.} ({Predecessor:} 18... cxd5 19. cxd5 Nc5 20. a5 Re7 21. b4 Ncd7 22. Bd3 Qf8 23. Bd2 Rc8 24. Rc1 {0-1 (44) Lovric,R (2090)-Stankovic,B (2230) Belgrade 2004}) 19. bxc4 cxd5 20. cxd5 Qc7 21. a5 Rec8 22. Bd3 {[#]} (22. Bb1 $14) 22... Nc5 (22... Nxd5 $1 $11 {[%mdl 512]} 23. exd5 e4) 23. Bf1 $14 Rab8 24. Be3 Nfd7 ({Don't blunder} 24... Ncxe4 $2 25. Bb6 $18) ({But not} 24... Nfxe4 $2 25. Nxe4 Nxe4 26. Bb6 $18) 25. Nd2 Rf8 26. Qc2 Qd8 27. Nc4 Qe7 28. Rab1 h5 29. Rec1 Rbc8 (29... Rfc8 $16 {is a better defense.}) 30. f3 (30. Be2 $18) 30... h4 (30... Rc7 $16 {was necessary.}) 31. Nh1 $18 {[%cal Bg3h1,Bh1f2,Bf2d3,Bd3c5][%mdl 32]} f5 32. Nf2 Ba8 33. Nd3 Nb7 34. Qa2 fxe4 35. fxe4 Ndc5 $2 {[#]} (35... Kh7 36. Nb6 {[%mdl 64] Discovered Attack} Rxc1 37. Rxc1 Nf6 38. Nxa8 Rxa8) 36. Nb6 Rc7 37. Nxc5 {Accuracy: White = 81%, Black = 23%.} 1-0

[Event "II Duchamp Open 2018"]
[Site "Rio de Janeiro"]
[Date "2018.11.17"]
[Round "4"]
[White "Galego, Luis"]
[Black "Roselli Mailhe, Bernardo"]
[Result "0-1"]
[WhiteElo "2479"]
[BlackElo "2421"]
[Annotator "TA"]
[PlyCount "82"]
[EventDate "2018.11.14"]
[EventType "swiss"]
[EventCountry "BRA"]
[SourceTitle "playchess.com"]
[Source "ChessBase"]
[SourceQuality "1"]

{[%evp 20,82,7,-18,-18,-23,-10,-20,0,0,81,-19,-16,-18,-10,-26,-10,-23,-11,-63,-62,-66,-51,-44,-51,-56,-52,-71,-50,-77,-50,-77,-39,-95,-98,-112,-74,-81,-28,-96,-83,-84,-68,-179,-189,-247,-241,-243,-228,-317,-301,-374,-356,-335,-322,-662,-615,-1259,-1183,-5914,-4366,-2829,-2767,-29987,-29988]} 1. d4 Nf6 2. Nf3 g6 3. Bg5 Bg7 4. Nbd2 O-O 5. c3 d6 6. e4 c5 7. dxc5 dxc5 8. Bc4 Nc6 9. O-O Qc7 10. Re1 h6 11. Bh4 Nh5 {A48: 1 d4 Nf6 2 Nf3 g6: Torre, London and Colle Systems} 12. Qc2 Na5 13. Be2 Be6 {The position is equal.} 14. Nb3 {[#]} (14. Qa4 g5 15. Bg3 Nxg3 16. hxg3 a6 17. Nf1 {½-½ (38) Nguyen,N (2630)-Howell,D (2676) Riadh 2017}) 14... g5 $146 (14... Nxb3 $11 15. axb3 a6) ({Predecessor:} 14... Nc4 15. Nfd2 Ne5 16. Bxh5 gxh5 17. Bg3 Rad8 {½-½ (42) Sergeev,V (2438)-Kovalev,A (2545) Czechia 2004}) 15. Bg3 ({Better is} 15. Nxa5 $16 {Strongly threatening Bxg5.} Qxa5 16. Bg3) 15... Nxg3 $11 16. hxg3 Rfd8 17. Nfd2 Rac8 18. Rad1 c4 19. Nc1 (19. Nxa5 $1 $11 Qxa5 20. a3) 19... b5 $36 {[%mdl 2048] Black has the initiative.} 20. Nf1 Qc5 21. Ne3 b4 22. Bg4 Bxg4 23. Nxg4 Nc6 {[%cal Ba5c6,Bc6e5,Be5d3][%mdl 32]} 24. Ne2 a5 25. Ne3 Ne5 26. Rxd8+ ({White should try} 26. Rd5 $15 Rxd5 27. exd5) 26... Rxd8 $17 27. Rd1 Rxd1+ 28. Qxd1 Nd3 ({Black should play} 28... e6 $17) 29. Qc2 (29. Qa4 $11 {remains equal.}) 29... e6 30. Nc1 Ne5 31. g4 (31. Ne2 $15) 31... Qb5 $19 32. Qd2 (32. Kf1 $142) 32... bxc3 33. bxc3 a4 {[%cal Ba5a4,Ba4a3][%mdl 32]} 34. Qc2 a3 35. Ne2 Qb2 36. Nd4 {[#]} Nxg4 $1 {[%mdl 512]} 37. Nxg4 $2 (37. Nd1 Qa1 38. Nb5) 37... Bxd4 38. Qa4 Qxc3 39. Qe8+ Kg7 40. Kh2 h5 41. Qd8 Qd2 {[%mdl 64] Double Attack. Accuracy: White = 19%, Black = 67%.} 0-1

[Event "II Duchamp Open 2018"]
[Site "Rio de Janeiro"]
[Date "2018.11.17"]
[Round "4"]
[White "Matsuura, Everaldo"]
[Black "Fucs, Paulo Moses"]
[Result "1-0"]
[WhiteElo "2476"]
[BlackElo "2016"]
[Annotator "TA"]
[PlyCount "53"]
[EventDate "2018.11.14"]
[EventType "swiss"]
[EventCountry "BRA"]
[SourceTitle "playchess.com"]
[Source "ChessBase"]
[SourceQuality "1"]

{[%evp 16,53,43,43,88,49,67,65,62,39,77,73,97,62,92,73,155,104,108,78,279,259,320,320,371,368,349,343,419,407,476,361,548,535,671,601,760,756,810,793]} 1. e4 e5 2. Nf3 Nc6 3. d4 exd4 4. Nxd4 Nxd4 5. Qxd4 Qf6 6. e5 Qb6 7. Qxb6 {C45: Scotch Game} (7. Qf4 d5 8. Nc3 Be6 9. Bd3 O-O-O 10. O-O c5 11. b3 Ne7 12. Kh1 a6 13. Bb2 Qc7 14. Rae1 f5 {0-1 (60) Ortiz Suarez,I (2598)-Granda Zuniga,J (2659) Cochabamba 2013}) 7... axb6 8. Nc3 Bb4 9. Bd2 {LiveBook: 5 Games. White is slightly better.} Ne7 10. Nb5 Bxd2+ 11. Kxd2 Kd8 $1 12. Bc4 Nc6 13. f4 ({But not} 13. Bxf7 $6 Rf8 $11) 13... Rf8 14. g3 $146 ({Predecessor:} 14. Rae1 Na5 {1-0 (32) Vybornov,S (2477)-Hamilton,T (2061) Dos Hermanas 2004}) 14... Na7 15. Nc3 f5 (15... f6 $142) 16. Rad1 ({White should try} 16. Rhe1) 16... c6 17. a4 {Strongly threatening Rhe1.} Kc7 $2 {[#]} (17... d5 $16 {was called for.}) 18. Ke3 $18 Re8 19. Rd6 Rb8 20. h4 {[%cal Bh2h4,Bh4h5][%mdl 32]} Ra8 21. h5 h6 22. Rhd1 Re7 23. Kf2 Rb8 (23... Kb8 {was necessary.} 24. Kf3 b5) 24. b4 {White is clearly winning.} Ra8 25. b5 Rb8 26. Ne2 cxb5 27. axb5 {Precision: White = 53%, Black = 12%.} 1-0